Psychology (Record no. 2852)

000 -LEADER
fixed length control field 00439nam a22001457a 4500
020 ## - INTERNATIONAL STANDARD BOOK NUMBER
International Standard Book Number 9788131773444
082 ## - DEWEY DECIMAL CLASSIFICATION NUMBER
Classification number 150
100 ## - MAIN ENTRY--PERSONAL NAME
Personal name Robert A. Baran et al
245 ## - TITLE STATEMENT
Title Psychology
250 ## - EDITION STATEMENT
Edition statement 5th ed
260 ## - PUBLICATION, DISTRIBUTION, ETC.
Place of publication, distribution, etc. New Delhi
Name of publisher, distributor, etc. Pearson
Date of publication, distribution, etc. 2014.
300 ## - PHYSICAL DESCRIPTION
Extent 649p
942 ## - ADDED ENTRY ELEMENTS (KOHA)
Koha item type Book
Holdings
Withdrawn status Lost status Damaged status Not for loan Collection code Permanent Location Current Location Shelving location Date acquired Total Checkouts Total Renewals Full call number Barcode Date last seen Date last checked out Price effective from Koha item type
          Central Library (CL) Central Library (CL) General Stacks 03/22/2016 7 5 150 BAR S3H-S-385 05/11/2026 04/15/2026 03/22/2016 Book
© 2023 Central Library, National University of Sciences and Technology. All Rights Reserved.